PDC World Darts Championship 2026 - Statistiken

Allgemein
  • Dieses Quiz wurde 571 mal gespielt
  • Das Durchschnittsergebnis liegt bei 60 aus 128
Antwortstatistiken
Nationalität Spieler % Korrekt
England Luke Littler
99%
England Luke Humphries
96%
Niederlande Michael van Gerwen
96%
Wales Gerwyn Price
93%
Deutschland Martin Schindler
91%
Schottland Gary Anderson
86%
Niederlande Gian van Veen
85%
England Stephen Bunting
85%
Wales Jonny Clayton
83%
Deutschland Gabriel Clemens
82%
Nordirland Josh Rock
81%
Schottland Peter Wright
81%
England Michael Smith
79%
England Ross Smith
79%
Australien Damon Heta
78%
Niederlande Danny Noppert
78%
Belgien Dimitri Van den Bergh
76%
England James Wade
76%
Deutschland Ricardo Pietreczko
76%
England Rob Cross
74%
Deutschland Arno Merk
72%
Polen Krzysztof Ratajski
72%
Deutschland Max Hopp
72%
Belgien Mike De Decker
71%
England Nathan Aspinall
71%
Nordirland Daryl Gurney
69%
Deutschland Niko Springer
69%
Österreich Mensur Suljović
68%
Niederlande Raymond van Barneveld
68%
Singapur Paul Lim
67%
Deutschland Lukas Wenig
65%
England Chris Dobey
64%
Schottland Cameron Menzies
62%
Australien Simon Whitlock
62%
Lettland Madars Razma
61%
Litauen Darius Labanauskas
60%
England Ryan Searle
60%
Irland William O'Connor
60%
Portugal José de Sousa
58%
Belgien Kim Huybrechts
58%
Niederlande Jermaine Wattimena
57%
England Dave Chisnall
55%
Schweden Jeffrey de Graaf
55%
Schweiz Stefan Bellmont
54%
Niederlande Dirk van Duijvenbode
53%
Schweden Andreas Harrysson
52%
England Beau Greaves
52%
Nordirland Brendan Dolan
52%
Deutschland Dominik Grüllich
52%
England Fallon Sherrock
52%
England Luke Woodhouse
51%
Frankreich Thibault Tricole
51%
England Joe Cullen
50%
Indien Nitin Kumar
50%
Kroatien Boris Krčmar
48%
England Andrew Gilding
46%
Norwegen Cor Dekker
46%
Tschechien Karel Sedláček
46%
USA Leonard Gates
46%
England Lisa Ashton
46%
Niederlande Wessel Nijman
46%
Philippinen Alexis Toylo
45%
England Ricky Evans
44%
England Justin Hood
43%
Irland Kean Barry
43%
Kanada Matt Campbell
43%
England Scott Williams
42%
Japan Motomu Sakai
41%
Kenia David Munyua
40%
Schottland Alan Soutar
39%
Spanien Cristo Reyes
39%
Polen Sebastian Białecki
39%
England Charlie Manby
38%
Niederlande Noa-Lynn van Leuven
38%
England Ritchie Edhouse
38%
Niederlande Wesley Plaisier
38%
Philippinen Paolo Nebrida
37%
England Ryan Joyce
36%
Tschechien Adam Gawlas
35%
Philippinen Laurence Ilagan
35%
Australien Joe Comito
34%
Niederlande Kevin Doets
34%
Hongkong Man Lok Leung
34%
England Callan Rydz
33%
England Dom Taylor
33%
England Ian White
33%
Argentinien Jesús Sálate
32%
England Mervyn King
32%
Nordirland Mickey Mansell
32%
Neuseeland Haupai Puha
31%
England Martin Lukeman
31%
Finnland Teemu Harju
31%
Japan Mitsuhiko Tatsunami
30%
Niederlande Niels Zonneveld
30%
Schweden Oskar Lukasiak
30%
Wales David Davies
28%
England James Hurrell
28%
Polen Krzysztof Kciuk
28%
Belgien Mario Vandenbogaerde
28%
Niederlande Richard Veenstra
27%
England Ryan Meikle
27%
Irland Steve Lennon
27%
England Connor Scutt
26%
Wales Nick Kenny
26%
Australien Tim Pusey
26%
Belgien Andy Baetens
25%
England Bradley Brooks
25%
Schottland Darren Beveridge
25%
England Gemma Hayter
25%
Neuseeland Jonny Tata
25%
Ungarn Patrik Kovács
25%
USA Adam Sevada
24%
Niederlande Jurjen van der Velde
24%
USA Stowe Buntz
24%
USA Alex Spellman
23%
Kanada David Cameron
22%
England Cameron Crabtree
21%
England Stephen Burton
21%
England Adam Hunt
20%
England Owen Bates
20%
Japan Ryūsei Azemoto
20%
Niederlande Jamai van den Herik
19%
China Zong Xiaochen
17%
England Adam Lipscombe
15%
Niederlande Chris Landman
15%
England Tavis Dudeney
15%
England Ted Evetts
13%
England Matthew Dennant
12%
Keine übereinstimmenden Quizze gefunden
Verteilung der Resultate
Anzahl Personen mit jedem Resultat
Perzentil nach korrekt beantworteten Fragen
Ihre Resultats-Entwicklung
Sie haben dieses Quiz noch nicht gespielt